000 00617nam a2200181Ia 4500
008 090201s9999 xx 000 0 und d
010 _aKPL-74193
040 _bमराठी
041 _aमराठी
082 _a54690
_b74193
100 _aजगन्नाथ कुंटे
245 _aनर्मदे s s हर हर (रामबाग)
_cजगन्नाथ कुंटे
250 _a5
260 _c2007
_bप्राजक्त प्रकाशन
300 _a256
_bमध्यम
600 _aनर्मदे s s हर हर (रामबाग)
942 _cBOOK
999 _c251029
_d251029